| 000 | 01321cad a22002175a 4500 | ||
|---|---|---|---|
| 001 | L154356 | ||
| 008 | 111117s2011 xxk f 000 0 eng d | ||
| 035 | _a(Sirsi) u154356 | ||
| 041 | 0 | _aeng | |
| 110 | 2 |
_aCMS Cameron McKenna _95874 |
|
| 245 | 0 | 0 |
_aArgue now, pay later _ban adjudicator's right to payment _h[electronic resource] |
| 260 |
_aLondon _bCMS Cameron McKenna LLP _c2011 |
||
| 490 | 0 | _aLaw-Now Article | |
| 520 | _aIf an adjudicator renders a decision which is unenforceable because he has made a critical mistake, is the adjudicator entitled to be paid his fees and expenses? If the adjudicator has already been paid, can the parties (or a party) claim back those fees and expenses? A recent decision of the TCC suggests that adjudicators are entitled to payment even if they have made serious errors which invalidate their decisions. Adjudication. | ||
| 590 | _aKA NTK | ||
| 651 | 4 |
_aEngland and Wales _y1543- |
|
| 690 | _aBUILT ENVIRONMENT-CONSTRUCTION MANAGEMENT-BUILDING CONTRACT ADMINISTRATION | ||
| 690 | _aMANAGEMENT-DISPUTE AVOIDANCE, MANAGEMENT AND RESOLUTION-DISPUTE MANAGEMENT AND RESOLUTION | ||
| 856 | 4 | 0 |
_uhttps://www.law-now.com/DirectMail/%7B9AF87A44-A9FF-436B-AA54-EB4B50D90228%7D_ConstructionJudgementOct2011.htm _zView this item via free registration at www.law-now.com |
| 942 | _n0 | ||
| 999 |
_c112949 _d112949 |
||